[Event "19MCR_F"]
[Site "?"]
[Date "2007.??.??"]
[Round "?"]
[White "Laurenc, Petr"]
[Black "Pytlik, Lesek"]
[Result "1/2-1/2"]
[WhiteElo "2484"]
[BlackElo "2382"]
[PlyCount "103"]
[EventDate "2007.??.??"]
[EventType "corr"]
[EventRounds "1"]
[SourceDate "2007.03.26"]

1. e4 e6 2. d4 d5 3. Nd2 Nc6 4. Ngf3 Nf6 5. e5 Nd7 6. Be2 Be7 7. Nf1 O-O 8. Ne3
f6 9. exf6 Nxf6 10. O-O Bd6 11. c4 b6 12. b3 Bb7 13. Bb2 Ne7 14. Bd3 dxc4 15.
bxc4 Bf4 16. Qe2 Qd6 17. Rad1 Rad8 18. Rfe1 Bxf3 19. Qxf3 Bxh2+ 20. Kh1 h5 21.
Qe2 Bf4 22. Nc2 Kh8 23. g3 Ng4 24. Kg2 Bxg3 25. fxg3 Rf2+ 26. Qxf2 Nxf2 27.
Kxf2 Rf8+ 28. Kg2 h4 29. Re5 hxg3 30. Bc1 Kg8 31. Rde1 Rf2+ 32. Kxg3 Rf6 33.
Bf4 Ng6 34. Bxg6 Rxg6+ 35. Kf2 Qe7 36. Ke2 Qh4 37. Bd2 Rg2+ 38. Kd3 c5 39. R1e2
Rxe2 40. Rxe2 Qh3+ 41. Re3 Qf1+ 42. Kc3 Qf6 43. Rd3 cxd4+ 44. Nxd4 e5 45. Nc2
e4+ 46. Rd4 g5 47. Kb3 Qf3+ 48. Be3 g4 49. Rd8+ Kf7 50. Rd7+ Kf8 51. Rxa7 g3
52. Ra8+ 1/2-1/2

[Event "19MCR_F"]
[Site "?"]
[Date "2007.??.??"]
[Round "?"]
[White "Laurenc, Petr"]
[Black "Storkan, Zdenek"]
[Result "1/2-1/2"]
[WhiteElo "2484"]
[BlackElo "2298"]
[PlyCount "74"]
[EventDate "2007.??.??"]
[EventType "corr"]
[EventRounds "1"]
[SourceDate "2007.03.26"]

1. e4 c5 2. Nf3 d6 3. d4 cxd4 4. Nxd4 Nf6 5. Nc3 a6 6. Bc4 e6 7. Bb3 Nbd7 8. f4
Nc5 9. f5 Be7 10. Qf3 O-O 11. Be3 e5 12. Nde2 b5 13. Bd5 Rb8 14. b4 Ncd7 15.
O-O Nb6 16. Bb3 Bb7 17. Rad1 Rc8 18. a3 Nc4 19. Bc1 Ne8 20. Qg4 a5 21. Kh1 Nf6
22. Qf3 axb4 23. axb4 d5 24. Nxd5 Bxd5 25. Nc3 Bxe4 26. Nxe4 Qc7 27. Nxf6+ Bxf6
28. Rd5 Qc6 29. Rfd1 e4 30. Qe2 Rcd8 31. Bxc4 bxc4 32. Rxd8 Rxd8 33. Be3 Re8
34. Rb1 Qb5 35. h3 h6 36. Qg4 c3 37. Bxh6 Qb6 1/2-1/2

[Event "19MCR_F"]
[Site "?"]
[Date "2007.??.??"]
[Round "?"]
[White "Laurenc, Petr"]
[Black "Sykora, Josef"]
[Result "1/2-1/2"]
[WhiteElo "2484"]
[BlackElo "2365"]
[PlyCount "106"]
[EventDate "2007.??.??"]
[EventType "corr"]
[EventRounds "1"]
[SourceDate "2007.03.26"]

1. e4 c5 2. Nf3 d6 3. d4 cxd4 4. Nxd4 Nf6 5. Nc3 a6 6. Bc4 e6 7. Bb3 b5 8. f3
Be7 9. Be3 O-O 10. Qd2 Bd7 11. O-O Nc6 12. a4 b4 13. Na2 Nxd4 14. Bxd4 a5 15.
c3 Qb8 16. Rac1 Qb7 17. Rfd1 Rfd8 18. Qf2 bxc3 19. Rxc3 Rdc8 20. Nc1 Be8 21.
Qg3 e5 22. Be3 Rxc3 23. bxc3 Qc7 24. c4 Rb8 25. Qf2 Nd7 26. Qa2 Qb7 27. Rd3 h6
28. Bd1 Nc5 29. Bxc5 dxc5 30. Ne2 Rd8 31. Rxd8 Bxd8 32. Nc3 Qb4 33. Qb3 Bd7 34.
Kf1 Bg5 35. Ke2 Kf8 36. Kd3 h5 37. g3 h4 38. Qxb4 axb4 39. Nd5 hxg3 40. hxg3
Bd8 41. f4 f6 42. f5 Bc6 43. Ne3 Ke7 44. Nf1 Kd6 45. Nd2 Bb6 46. Bc2 Bd7 47.
Nf1 Kc6 48. a5 Bxa5 49. Ba4+ Kd6 50. Bxd7 Kxd7 51. Nd2 Ke7 52. Nb3 Bb6 53. Ke2
Kf7 1/2-1/2

[Event "19MCR_F"]
[Site "?"]
[Date "2007.??.??"]
[Round "?"]
[White "Laurenc, Petr"]
[Black "Valak, Alois"]
[Result "1/2-1/2"]
[WhiteElo "2484"]
[BlackElo "2353"]
[PlyCount "97"]
[EventDate "2007.??.??"]
[EventType "corr"]
[EventRounds "1"]
[SourceDate "2007.03.26"]

1. d4 Nf6 2. c4 e6 3. Nc3 Bb4 4. e3 O-O 5. Bd3 d5 6. Nf3 c5 7. O-O Nc6 8. a3
Bxc3 9. bxc3 b6 10. cxd5 exd5 11. Ne5 Bb7 12. Nxc6 Bxc6 13. f3 Re8 14. Qe1 Qd7
15. dxc5 bxc5 16. c4 d4 17. e4 Qe7 18. Qg3 Rab8 19. Bg5 Qe6 20. Rab1 Nd7 21.
Rxb8 Rxb8 22. Qc7 h6 23. Bf4 Rb3 24. Rd1 Rxa3 25. Bd6 Ba4 26. Bxc5 Ra2 27. Rb1
Ne5 28. Bf1 d3 29. Qd8+ Kh7 30. Be3 Qxc4 31. Rb8 Kg6 32. h4 Ra1 33. Rc8 Qa6 34.
Rc1 Rxc1 35. Bxc1 Bb5 36. Qd4 f6 37. f4 Nc6 38. Qd7 d2 39. Bxd2 Qb6+ 40. Kh1
Bxf1 41. f5+ Kh7 42. Bxh6 Bxg2+ 43. Kxg2 Qb2+ 44. Kf1 Qb5+ 45. Kf2 Kxh6 46. Qe8
Qc5+ 47. Kg2 Kh7 48. Qh5+ Kg8 49. Qe8+ 1/2-1/2

[Event "19MCR_F"]
[Site "?"]
[Date "2007.??.??"]
[Round "?"]
[White "Laurenc, Petr"]
[Black "Vozda, Jindrich"]
[Result "0-1"]
[WhiteElo "2484"]
[BlackElo "2469"]
[PlyCount "114"]
[EventDate "2007.??.??"]
[EventType "corr"]
[EventRounds "1"]
[SourceDate "2007.03.26"]

1. d4 Nf6 2. c4 e6 3. Nc3 Bb4 4. e3 O-O 5. Bd3 c5 6. Nf3 b6 7. O-O Bb7 8. Na4
Qe7 9. a3 Ba5 10. dxc5 bxc5 11. Nxc5 Qxc5 12. b4 Qc7 13. bxa5 Ng4 14. g3 Nc6
15. Ng5 Nf6 16. Bb2 Ne5 17. Be2 d6 18. Rb1 Rab8 19. f4 Ned7 20. Bd4 h6 21. Nf3
Rbc8 22. Bc3 Ba8 23. Qd4 Rfd8 24. Bb4 Nc5 25. Rbd1 Be4 26. Nd2 Bc2 27. Rc1 Bf5
28. Rfd1 h5 29. Re1 Bh7 30. Qc3 Bg6 31. Rcd1 Bf5 32. Bf3 Na4 33. Qa1 Bg4 34.
Be2 Nc5 35. e4 e5 36. f5 Qc6 37. Qb1 Nb7 38. Qd3 Nxa5 39. Bxa5 Qc5+ 40. Kg2
Qxa5 41. Rb1 Bxe2 42. Rxe2 Qc7 43. h3 Rb8 44. Ree1 Qc5 45. Kf3 h4 46. gxh4 Nh5
47. Qe3 Qc7 48. Rg1 Nf4 49. Kg3 a5 50. Rgd1 Kh7 51. Qf2 Rxb1 52. Rxb1 Rb8 53.
Rxb8 Qxb8 54. Qe3 Qb2 55. Kh2 Qc1 56. h5 a4 57. h4 Nxh5 0-1

[Event "19MCR_F"]
[Site "?"]
[Date "2007.??.??"]
[Round "?"]
[White "Leiner, Raimund"]
[Black "Brousek, Jiri"]
[Result "1-0"]
[WhiteElo "2316"]
[BlackElo "2300"]
[PlyCount "63"]
[EventDate "2007.??.??"]
[EventType "corr"]
[EventRounds "1"]
[SourceDate "2007.03.26"]

1. e4 e6 2. d4 d5 3. Nd2 Nf6 4. e5 Nfd7 5. Bd3 c5 6. c3 Nc6 7. Ne2 Qb6 8. Nf3
cxd4 9. cxd4 Bb4+ 10. Bd2 f6 11. exf6 Nxf6 12. O-O O-O 13. Bf4 Be7 14. Qd2 Bd7
15. Rac1 Rac8 16. Nc3 a6 17. Bb1 Nh5 18. Be3 Bd6 19. Na4 Qd8 20. Bg5 Qa5 21.
Qd3 g6 22. Nc5 Qc7 23. Kh1 Nf6 24. h3 Bxc5 25. dxc5 Ne4 26. Bh6 Rf7 27. Qe3 Ne7
28. Bxe4 dxe4 29. Qxe4 Bc6 30. Qxe6 Bd5 31. Qg4 Nf5 32. Bf4 1-0

[Event "19MCR_F"]
[Site "?"]
[Date "2007.??.??"]
[Round "?"]
[White "Leiner, Raimund"]
[Black "Hladecek, Miloslav"]
[Result "1-0"]
[WhiteElo "2316"]
[BlackElo "2342"]
[PlyCount "123"]
[EventDate "2007.??.??"]
[EventType "corr"]
[EventRounds "1"]
[SourceDate "2007.03.26"]

1. c4 e5 2. Nc3 Nc6 3. g3 Bc5 4. Bg2 Nf6 5. Nf3 d6 6. d3 O-O 7. O-O h6 8. Na4
Re8 9. Nxc5 dxc5 10. b3 Qd6 11. Bb2 Bf5 12. Nh4 Bh7 13. Bxc6 Qxc6 14. e4 Rad8
15. Qe2 Rd6 16. f3 Qd7 17. Rad1 a5 18. Bc3 b6 19. Ng2 Qh3 20. Qb2 Nd7 21. f4
Qh5 22. f5 Kh8 23. Ne3 Qg5 24. Rf3 c6 25. g4 Qe7 26. Rg3 Ra8 27. Qc2 Rd8 28.
Kg2 Nf6 29. a3 Qe8 30. Qe2 Qd7 31. Nc2 Qe7 32. Rf1 Re8 33. Ne1 Nd7 34. h4 Ra8
35. g5 b5 36. a4 b4 37. Bd2 g6 38. f6 Qe6 39. h5 Rg8 40. hxg6 fxg6 41. Be3 Rf8
42. Rh3 h5 43. Qf2 Rd4 44. f7 Qe7 45. Kh1 Rd6 46. Bxc5 Nxc5 47. Qxc5 Re6 48. d4
Kg7 49. Qxe7 Rxe7 50. d5 cxd5 51. cxd5 Rexf7 52. Rxf7+ Rxf7 53. Rf3 Rc7 54. Nd3
Bg8 55. Rf6 Rc3 56. Nxe5 Re3 57. Rxg6+ Kf8 58. Nd7+ Kf7 59. Rf6+ Kg7 60. Nc5
Rxe4 61. Nxe4 Bxd5 62. Rf4 1-0

[Event "19MCR_F"]
[Site "?"]
[Date "2007.??.??"]
[Round "?"]
[White "Leiner, Raimund"]
[Black "Mateka, Petr"]
[Result "1/2-1/2"]
[WhiteElo "2316"]
[BlackElo "2275"]
[PlyCount "39"]
[EventDate "2007.??.??"]
[EventType "corr"]
[EventRounds "1"]
[SourceDate "2007.03.26"]

1. c4 e5 2. Nc3 Nf6 3. Nf3 Nc6 4. g3 Bc5 5. Bg2 O-O 6. Nxe5 Bxf2+ 7. Kxf2 Nxe5
8. b3 d5 9. cxd5 c6 10. Rf1 Nd3+ 11. Kg1 Nxc1 12. Rxc1 cxd5 13. Rf4 Be6 14. e3
Rc8 15. Qe2 Qd6 16. Rcf1 Rfd8 17. Rd4 Qe5 18. Qd3 Qg5 19. Rff4 Rd7 20. a3
1/2-1/2

[Event "19MCR_F"]
[Site "?"]
[Date "2007.??.??"]
[Round "?"]
[White "Leiner, Raimund"]
[Black "Pytlik, Lesek"]
[Result "1-0"]
[WhiteElo "2316"]
[BlackElo "2382"]
[PlyCount "99"]
[EventDate "2007.??.??"]
[EventType "corr"]
[EventRounds "1"]
[SourceDate "2007.03.26"]

1. c4 c5 2. Nc3 Nc6 3. Nf3 e5 4. g3 Nf6 5. Bg2 d6 6. d3 Be7 7. O-O O-O 8. Bg5
Bg4 9. h3 Be6 10. Nd2 Nd7 11. Bxe7 Qxe7 12. Nd5 Bxd5 13. cxd5 Nb4 14. a3 Na6
15. e4 Nc7 16. Nc4 f5 17. f4 fxe4 18. dxe4 Nb5 19. Na5 Nd4 20. Nb3 b5 21. Nxd4
cxd4 22. Rc1 Nc5 23. Qe2 Rab8 24. Qg4 exf4 25. gxf4 b4 26. Rxc5 dxc5 27. e5
bxa3 28. d6 Qe8 29. bxa3 Kh8 30. Qf3 Rf5 31. Qc6 Qf7 32. d7 Qe7 33. e6 Rf6 34.
Qc7 Rff8 35. Bd5 h6 36. f5 Rg8 37. Kh1 Rbd8 38. Qxa7 Qd6 39. Qb7 Rb8 40. Qc6
Qe5 41. a4 Rb2 42. Bg2 Re2 43. Qd5 Qc7 44. Qf3 Qe5 45. a5 Re3 46. Qg4 Re1 47.
a6 d3 48. f6 Rxf1+ 49. Bxf1 Qxf6 50. Bxd3 1-0

[Event "19MCR_F"]
[Site "?"]
[Date "2007.??.??"]
[Round "?"]
[White "Leiner, Raimund"]
[Black "Sykora, Josef"]
[Result "1/2-1/2"]
[WhiteElo "2316"]
[BlackElo "2365"]
[PlyCount "62"]
[EventDate "2007.??.??"]
[EventType "corr"]
[EventRounds "1"]
[SourceDate "2007.03.26"]

1. c4 e5 2. Nc3 Nf6 3. Nf3 Nc6 4. g3 Bb4 5. Bg2 O-O 6. O-O e4 7. Ng5 Bxc3 8.
bxc3 Re8 9. Qc2 Qe7 10. d3 exd3 11. exd3 d6 12. Nf3 Bf5 13. Nh4 Qd7 14. Nxf5
Qxf5 15. Rb1 Rab8 16. Be3 d5 17. Rb5 a6 18. Rc5 Ne5 19. cxd5 Rbc8 20. Ra5 h5
21. Bd4 h4 22. Qd1 h3 23. Bh1 Nxd3 24. c4 Ne5 25. Ra3 Rcd8 26. Qc1 b5 27. Bxe5
Qxe5 28. Bf3 Qd6 29. Rb3 bxc4 30. Qxc4 Re5 31. Rc3 Nxd5 1/2-1/2

[Event "19MCR_F"]
[Site "?"]
[Date "2007.??.??"]
[Round "?"]
[White "Leiner, Raimund"]
[Black "Valak, Alois"]
[Result "1/2-1/2"]
[WhiteElo "2316"]
[BlackElo "2353"]
[PlyCount "93"]
[EventDate "2007.??.??"]
[EventType "corr"]
[EventRounds "1"]
[SourceDate "2007.03.26"]

1. c4 e5 2. Nc3 Nc6 3. Nf3 Nf6 4. g3 d5 5. cxd5 Nxd5 6. Bg2 Nf6 7. O-O Be7 8.
d3 O-O 9. Bg5 Rb8 10. a3 Bg4 11. h3 Be6 12. Rc1 Qd7 13. Kh2 Qd8 14. Be3 Nd5 15.
Ne4 Nxe3 16. fxe3 f5 17. Nc5 Qc8 18. b4 f4 19. gxf4 exf4 20. e4 Bf7 21. d4 Qd8
22. Nxb7 Rxb7 23. Rxc6 Kh8 24. Ra6 Bc4 25. Ra5 c6 26. Qc2 Bb5 27. e5 g6 28. Rb1
Qb6 29. e3 fxe3 30. Re1 e2 31. Rxe2 Bxe2 32. Qxe2 Qd8 33. Qe4 Qe8 34. h4 Rc7
35. Ng5 Bxg5 36. hxg5 Rf5 37. e6 Re7 38. Rxf5 gxf5 39. Qe5+ Kg8 40. d5 cxd5 41.
Kg3 Qg6 42. Qf6 Qxf6 43. gxf6 Rxe6 44. Bxd5 Kf7 45. Bxe6+ Kxe6 46. b5 Kxf6 47.
a4 1/2-1/2

[Event "19MCR_F"]
[Site "?"]
[Date "2007.??.??"]
[Round "?"]
[White "Leiner, Raimund"]
[Black "Volek, Stanislav"]
[Result "1/2-1/2"]
[WhiteElo "2316"]
[BlackElo "2305"]
[PlyCount "65"]
[EventDate "2007.??.??"]
[EventType "corr"]
[EventRounds "1"]
[SourceDate "2007.03.26"]

1. e4 e6 2. d4 d5 3. Nd2 c5 4. Ngf3 cxd4 5. Nxd4 Nf6 6. e5 Nfd7 7. N2f3 Nc6 8.
Nxc6 bxc6 9. Bd3 Ba6 10. O-O Qb6 11. b3 Bxd3 12. Qxd3 Be7 13. c4 O-O 14. Be3
Qc7 15. Qc3 dxc4 16. bxc4 f6 17. Bf4 fxe5 18. Bg3 Rad8 19. Rad1 Bf6 20. Rfe1
Qb6 21. Qc2 Qc5 22. Qe4 Nb6 23. Rc1 Nd7 24. Qg4 Rfe8 25. Nd2 Qe7 26. Ne4 Nc5
27. Nxf6+ Qxf6 28. Bxe5 Qe7 29. Re3 Nd3 30. Rf1 Nxe5 31. Rxe5 Rd2 32. Qe4 Qd7
33. a3 1/2-1/2

[Event "19MCR_F"]
[Site "?"]
[Date "2007.??.??"]
[Round "?"]
[White "Leiner, Raimund"]
[Black "Vozda, Jindrich"]
[Result "1/2-1/2"]
[WhiteElo "2316"]
[BlackElo "2469"]
[PlyCount "66"]
[EventDate "2007.??.??"]
[EventType "corr"]
[EventRounds "1"]
[SourceDate "2007.03.26"]

1. c4 e5 2. Nc3 d6 3. g3 g6 4. Bg2 Bg7 5. d3 f5 6. Nf3 Nf6 7. O-O O-O 8. Rb1 h6
9. b4 g5 10. Ne1 f4 11. e3 fxe3 12. fxe3 a6 13. d4 Nc6 14. d5 Ne7 15. e4 c6 16.
Nc2 cxd5 17. exd5 Bg4 18. Qd2 Bf5 19. c5 Bg6 20. Ba3 Rf7 21. Rbe1 Nf5 22. Ne4
a5 23. b5 dxc5 24. Nxc5 Rc8 25. Rxe5 Bf8 26. Nd4 Rxc5 27. Rexf5 Bxf5 28. Nxf5
Rxd5 29. Bxd5 Qxd5 30. Qxd5 Nxd5 31. Bxf8 Kxf8 32. Nd6 Rxf1+ 33. Kxf1 b6
1/2-1/2

[Event "19MCR_F"]
[Site "?"]
[Date "2007.??.??"]
[Round "?"]
[White "Mateka, Petr"]
[Black "Boukal, Petr"]
[Result "1-0"]
[WhiteElo "2275"]
[BlackElo "2412"]
[PlyCount "55"]
[EventDate "2007.??.??"]
[EventType "corr"]
[EventRounds "1"]
[SourceDate "2007.03.26"]

1. e4 e6 2. d4 d5 3. Nc3 Bb4 4. e5 c5 5. a3 Bxc3+ 6. bxc3 Qc7 7. Qg4 f5 8. Qg3
Ne7 9. Qxg7 Rg8 10. Qxh7 cxd4 11. Ne2 Nbc6 12. h4 dxc3 13. Bg5 Qxe5 14. f4 Qh8
15. Qxh8 Rxh8 16. Nxc3 a6 17. Na4 b5 18. Nc5 Ra7 19. a4 Nb4 20. Kd2 Nxc2 21.
Kxc2 Rc7 22. axb5 Rxc5+ 23. Kd2 axb5 24. h5 Bd7 25. h6 Nc8 26. Be2 Kf7 27. Bh5+
Kg8 28. Bg6 1-0

[Event "19MCR_F"]
[Site "?"]
[Date "2007.??.??"]
[Round "?"]
[White "Mateka, Petr"]
[Black "Brousek, Jiri"]
[Result "1-0"]
[WhiteElo "2275"]
[BlackElo "2300"]
[PlyCount "139"]
[EventDate "2007.??.??"]
[EventType "corr"]
[EventRounds "1"]
[SourceDate "2007.03.26"]

1. e4 e6 2. d4 d5 3. Nc3 Nf6 4. Bg5 Be7 5. e5 Nfd7 6. h4 Bxg5 7. hxg5 Qxg5 8.
Nh3 Qh6 9. Nb5 Na6 10. Bd3 f6 11. f4 fxe5 12. fxe5 Nb6 13. Qf3 Rf8 14. Qg3 Nc4
15. Bxc4 dxc4 16. Nf2 Qg6 17. Qxg6+ hxg6 18. Na3 b6 19. Nxc4 Bb7 20. Ne3 O-O-O
21. Rh4 Nb4 22. c3 Nd5 23. Nxd5 Bxd5 24. Rg4 Rf5 25. Ke2 Rdf8 26. Nh3 Rh8 27.
Rg1 Rh6 28. a3 Kd7 29. Ke3 c5 30. b4 cxd4+ 31. cxd4 Bc6 32. a4 Bd5 33. b5 Kd8
34. Nf4 g5 35. Nxd5 exd5 36. a5 bxa5 37. Ra1 Kc7 38. Rxa5 Kb6 39. Ra6+ Kxb5 40.
Rxa7 Rh1 41. Ke2 g6 42. Ra8 Rg1 43. e6 Rf6 44. Rb8+ Kc4 45. Rc8+ Kb4 46. e7
Re6+ 47. Kf2 Rge1 48. Rxg5 Rxe7 49. Rxd5 R7e2+ 50. Kf3 Re3+ 51. Kf4 Re4+ 52.
Kg5 Rg1 53. Rc2 Kb3 54. Rd2 Kc3 55. Rf2 Kd3 56. Rd7 Ke3 57. Ra2 Rb1 58. Kxg6
Rb6+ 59. Kg5 Re8 60. Ra5 Kd3 61. g4 Rg8+ 62. Kf5 Rbg6 63. Ra3+ Ke2 64. Rh7 Rg5+
65. Ke6 Kf1 66. d5 Rxg4 67. Rf7+ Kg2 68. d6 Re4+ 69. Kd5 Re1 70. Rff3 1-0

[Event "19MCR_F"]
[Site "?"]
[Date "2007.??.??"]
[Round "?"]
[White "Mateka, Petr"]
[Black "Firla, Stanislav"]
[Result "1-0"]
[WhiteElo "2275"]
[BlackElo "2365"]
[PlyCount "91"]
[EventDate "2007.??.??"]
[EventType "corr"]
[EventRounds "1"]
[SourceDate "2007.03.26"]

1. e4 c5 2. Nf3 d6 3. d4 cxd4 4. Nxd4 Nf6 5. Nc3 a6 6. Be3 e6 7. Be2 Nbd7 8. g4
h6 9. f4 g6 10. g5 hxg5 11. fxg5 Nh5 12. Rf1 b5 13. a4 bxa4 14. Nc6 Qc7 15. Qd4
Ng7 16. Qxa4 Rxh2 17. O-O-O Bb7 18. Na5 Nh5 19. Bxh5 Rxh5 20. Rd4 Qb6 21. Rxf7
Rh1+ 22. Rd1 Bc6 23. Rxf8+ Kxf8 24. Bxb6 Rxd1+ 25. Kxd1 Bxa4 26. Nxa4 Ke7 27.
c4 Rh8 28. Nc6+ Ke8 29. Bc7 Rh4 30. Nc3 Rh1+ 31. Kc2 Rh2+ 32. Kb1 Rh5 33. Bxd6
Rxg5 34. e5 Rh5 35. c5 g5 36. Nd4 Rh6 37. Kc2 g4 38. Na4 Rh2+ 39. Kc3 Rh3+ 40.
Kb4 Nxc5 41. Nxc5 g3 42. Ncxe6 g2 43. Ne2 Re3 44. N6d4 Rd3 45. Kc4 Rd1 46. b4
1-0

[Event "19MCR_F"]
[Site "?"]
[Date "2007.??.??"]
[Round "?"]
[White "Mateka, Petr"]
[Black "Kuta, Jiri"]
[Result "1-0"]
[WhiteElo "2275"]
[BlackElo "2330"]
[PlyCount "91"]
[EventDate "2007.??.??"]
[EventType "corr"]
[EventRounds "1"]
[SourceDate "2007.03.26"]

1. e4 c5 2. Nf3 Nc6 3. d4 cxd4 4. Nxd4 Nf6 5. Nc3 e5 6. Ndb5 d6 7. Bg5 a6 8.
Na3 b5 9. Bxf6 gxf6 10. Nd5 f5 11. Bd3 Be6 12. c3 Bg7 13. Qh5 O-O 14. exf5 Bxd5
15. f6 e4 16. fxg7 Re8 17. Be2 Re5 18. Qh6 Qg5 19. Qxg5 Rxg5 20. Nc2 Kxg7 21.
Ne3 Ne7 22. a4 bxa4 23. Rxa4 a5 24. h4 Re5 25. O-O Rb8 26. Rxa5 Rxb2 27. Bg4
Rb7 28. c4 Bc6 29. Rxe5 dxe5 30. Rd1 h6 31. g3 Ra7 32. Rd6 Ra3 33. Bd7 Ba8 34.
Bb5 h5 35. Kg2 Ra7 36. Bd7 Ng6 37. c5 Ne7 38. g4 hxg4 39. h5 Rc7 40. Nf5+ Nxf5
41. Bxf5 f6 42. Kg3 Bc6 43. Kxg4 Ba4 44. Rb6 Bd1+ 45. Kh4 Bf3 46. Rd6 1-0

[Event "19MCR_F"]
[Site "?"]
[Date "2007.??.??"]
[Round "?"]
[White "Mateka, Petr"]
[Black "Laurenc, Petr"]
[Result "1-0"]
[WhiteElo "2275"]
[BlackElo "2484"]
[PlyCount "137"]
[EventDate "2007.??.??"]
[EventType "corr"]
[EventRounds "1"]
[SourceDate "2007.03.26"]

1. e4 c5 2. Nf3 d6 3. d4 cxd4 4. Nxd4 Nf6 5. Nc3 a6 6. Be3 e5 7. Nf3 Be7 8. Bc4
O-O 9. O-O Be6 10. Qe2 b5 11. Bb3 h6 12. a3 Nbd7 13. Nh4 Bxb3 14. cxb3 Nxe4 15.
Nxe4 Bxh4 16. Nxd6 f5 17. Rad1 f4 18. Bd2 Qe7 19. Bb4 Qe6 20. Qe4 Be7 21. Rfe1
Rab8 22. Qd5 Qxd5 23. Rxd5 Rb6 24. Red1 Nf6 25. Rxe5 Bxd6 26. Rxd6 Rxd6 27.
Bxd6 Rd8 28. Bb4 Rd1+ 29. Re1 Rd3 30. Bc3 Nd5 31. Rc1 g5 32. Kf1 f3 33. gxf3
Rxf3 34. Be5 Rf5 35. Rc8+ Kf7 36. Bg3 h5 37. Rc6 h4 38. Bb8 a5 39. Ke2 g4 40.
Rh6 h3 41. Ra6 Rf3 42. Be5 Rxb3 43. Rd6 Ne7 44. Bc3 b4 45. axb4 axb4 46. Rf6+
Ke8 47. Be5 Nd5 48. Rd6 Ne7 49. Rd3 Rxd3 50. Kxd3 Kd7 51. Kc4 Ke6 52. Bg3 Nd5
53. b3 Nf6 54. Kxb4 Kd5 55. Kc3 Ne4+ 56. Kd3 Nc5+ 57. Ke3 Nxb3 58. Kf4 Ke6 59.
Kxg4 Nc5 60. Kxh3 Kf5 61. Kh4 Ne4 62. Kh5 Nf6+ 63. Kh6 Ng8+ 64. Kh7 Ne7 65. Bd6
Nc6 66. Kh6 Kg4 67. Bc7 Nd4 68. Kg6 Nc6 69. f3+ 1-0

[Event "19MCR_F"]
[Site "?"]
[Date "2007.??.??"]
[Round "?"]
[White "Mateka, Petr"]
[Black "Nejtek, Jiri"]
[Result "1/2-1/2"]
[WhiteElo "2275"]
[BlackElo "2360"]
[PlyCount "81"]
[EventDate "2007.??.??"]
[EventType "corr"]
[EventRounds "1"]
[SourceDate "2007.03.26"]

1. e4 e5 2. Nf3 Nc6 3. Bb5 a6 4. Ba4 Nf6 5. O-O Be7 6. Re1 b5 7. Bb3 O-O 8. c3
d5 9. exd5 Nxd5 10. Nxe5 Nxe5 11. Rxe5 c6 12. d4 Bd6 13. Re1 Qh4 14. g3 Qh3 15.
Be3 Bg4 16. Qd3 Rae8 17. Nd2 Re6 18. a4 Qh5 19. axb5 axb5 20. Bxd5 Qxd5 21. c4
bxc4 22. Qxc4 Rb8 23. Ra6 Be7 24. Rea1 f6 25. Ra8 Rxa8 26. Rxa8+ Kf7 27. Qxd5
cxd5 28. Rb8 Bh3 29. Nf3 Ra6 30. Bd2 Ra4 31. Bc3 g5 32. Ne1 h5 33. f3 Ra1 34.
Kf2 Rb1 35. Rh8 Kg6 36. Ke3 Bf5 37. Kd2 Bh3 38. Rb8 Kf7 39. Rb7 Ke6 40. Rb6+
Kf7 41. Ke2 1/2-1/2

[Event "19MCR_F"]
[Site "?"]
[Date "2007.??.??"]
[Round "?"]
[White "Mateka, Petr"]
[Black "Pravec, Ladislav"]
[Result "1/2-1/2"]
[WhiteElo "2275"]
[BlackElo "2352"]
[PlyCount "76"]
[EventDate "2007.??.??"]
[EventType "corr"]
[EventRounds "1"]
[SourceDate "2007.03.26"]

1. e4 c5 2. Nf3 d6 3. d4 cxd4 4. Nxd4 Nf6 5. Nc3 a6 6. Be3 g6 7. Be2 Bg7 8. O-O
O-O 9. f4 Nbd7 10. a4 Qc7 11. a5 b5 12. axb6 Nxb6 13. Qd3 Bb7 14. Nb3 Nfd7 15.
Bd4 e5 16. fxe5 Nxe5 17. Qg3 Nbc4 18. Kh1 a5 19. Nb5 Qd7 20. Bxc4 Nxc4 21. Bxg7
Kxg7 22. N3d4 Kg8 23. Rae1 a4 24. Rf6 Ra6 25. Nc3 a3 26. bxa3 Rxa3 27. Ndb5 Ra6
28. h3 Qe7 29. Qg5 Qe5 30. Rf5 Qg7 31. Rf6 Rfa8 32. Rff1 Bc6 33. Qf4 Bxb5 34.
Nxb5 Rc8 35. Rb1 Rb6 36. Rb4 Ne5 37. Na7 Rxb4 38. Nxc8 Qf8 1/2-1/2

[Event "19MCR_F"]
[Site "?"]
[Date "2007.??.??"]
[Round "?"]
[White "Mateka, Petr"]
[Black "Volek, Stanislav"]
[Result "1/2-1/2"]
[WhiteElo "2275"]
[BlackElo "2305"]
[PlyCount "54"]
[EventDate "2007.??.??"]
[EventType "corr"]
[EventRounds "1"]
[SourceDate "2007.03.26"]

1. e4 e6 2. d4 d5 3. Nc3 Bb4 4. e5 c5 5. a3 Bxc3+ 6. bxc3 Ne7 7. Qg4 cxd4 8.
Qxg7 Rg8 9. Qxh7 Qc7 10. Ne2 Nbc6 11. f4 Bd7 12. Qd3 dxc3 13. Qxc3 Nf5 14. Rb1
O-O-O 15. Rg1 d4 16. Qd3 f6 17. exf6 e5 18. g4 Nd6 19. g5 e4 20. Qb3 Kb8 21.
Rg3 Nf5 22. Rh3 Bc8 23. Bg2 Na5 24. Qb4 Nc4 25. Qb3 Na5 26. Qb4 Nc4 27. Qb3 Na5
1/2-1/2

[Event "19MCR_F"]
[Site "?"]
[Date "2007.??.??"]
[Round "?"]
[White "Nejtek, Jiri"]
[Black "Boukal, Petr"]
[Result "1/2-1/2"]
[WhiteElo "2360"]
[BlackElo "2412"]
[PlyCount "59"]
[EventDate "2007.??.??"]
[EventType "corr"]
[EventRounds "1"]
[SourceDate "2007.03.26"]

1. c4 e5 2. Nc3 Nc6 3. g3 f5 4. Bg2 Nf6 5. e3 d5 6. Nxd5 Nxd5 7. cxd5 Nb4 8. d3
Nxd5 9. Nf3 Bd6 10. O-O Nf6 11. b3 O-O 12. Bb2 Re8 13. Qc2 c6 14. e4 Qe7 15.
Rad1 a5 16. exf5 Bxf5 17. Rfe1 Qc7 18. Nd2 Re6 19. Nc4 Rae8 20. Nxd6 Qxd6 21.
Qc3 b6 22. Qc4 Kh8 23. Rc1 c5 24. Re3 Ng4 25. Rf3 Nh6 26. Re1 R6e7 27. Rfe3 Ng4
28. R3e2 Nf6 29. Qc3 Nd5 30. Bxd5 1/2-1/2

[Event "19MCR_F"]
[Site "?"]
[Date "2007.??.??"]
[Round "?"]
[White "Nejtek, Jiri"]
[Black "Firla, Stanislav"]
[Result "1-0"]
[WhiteElo "2360"]
[BlackElo "2365"]
[PlyCount "77"]
[EventDate "2007.??.??"]
[EventType "corr"]
[EventRounds "1"]
[SourceDate "2007.03.26"]

1. c4 e5 2. g3 d6 3. Nc3 Be6 4. d3 Qc8 5. Bg2 Be7 6. Nd5 Bd8 7. Nf3 c6 8. Ne3
Ne7 9. d4 f6 10. b4 a5 11. b5 cxb5 12. dxe5 dxe5 13. cxb5 Bb6 14. O-O Bc5 15.
Nd2 Kf7 16. Bb2 Nd7 17. Rc1 Qc7 18. Ne4 Rhd8 19. Nc4 Kg8 20. Ncd6 b6 21. Nb7
Qxb7 22. Nxc5 Qxg2+ 23. Kxg2 Nxc5 24. Qc2 Bf5 25. Qc3 Nd5 26. Qa3 Bg4 27. f3
Bd7 28. Rfd1 Bxb5 29. e4 Nc7 30. Rxc5 bxc5 31. Rxd8+ Rxd8 32. Qxa5 Bc4 33. Bxe5
Ne6 34. Bc3 Kf7 35. f4 Bd3 36. Qa7+ Kf8 37. Qb7 Re8 38. Kf2 Nd8 39. Qd7 1-0

[Event "19MCR_F"]
[Site "?"]
[Date "2007.??.??"]
[Round "?"]
[White "Nejtek, Jiri"]
[Black "Hladecek, Miloslav"]
[Result "1/2-1/2"]
[WhiteElo "2360"]
[BlackElo "2342"]
[PlyCount "43"]
[EventDate "2007.??.??"]
[EventType "corr"]
[EventRounds "1"]
[SourceDate "2007.03.26"]

1. c4 e5 2. g3 d5 3. Bg2 dxc4 4. Qa4+ c6 5. Qxc4 Nf6 6. Nf3 Bd6 7. O-O O-O 8.
d4 exd4 9. Nxd4 Qa5 10. Rd1 Qh5 11. Nc3 Bc7 12. Bf4 Bb6 13. Na4 Bh3 14. Bf3 Bg4
15. Nxb6 axb6 16. Bg2 c5 17. h3 Bxh3 18. Bxb7 Ra5 19. Bxb8 cxd4 20. Qxd4 Be6
21. Bd6 Bd5 22. f3 1/2-1/2

[Event "19MCR_F"]
[Site "?"]
[Date "2007.??.??"]
[Round "?"]
[White "Nejtek, Jiri"]
[Black "Hybl, Vladislav"]
[Result "1-0"]
[WhiteElo "2360"]
[BlackElo "2303"]
[PlyCount "99"]
[EventDate "2007.??.??"]
[EventType "corr"]
[EventRounds "1"]
[SourceDate "2007.03.26"]

1. c4 e6 2. d4 d5 3. Nc3 c6 4. e4 dxe4 5. Nxe4 Bb4+ 6. Bd2 Qxd4 7. Bxb4 Qxe4+
8. Be2 Na6 9. Bd6 b6 10. Nf3 Bb7 11. O-O Rd8 12. Ng5 Qg6 13. f4 Nf6 14. Bd3 Qh5
15. Bc2 Qxd1 16. Raxd1 h6 17. Nf3 Nc5 18. Rfe1 Ba8 19. Ne5 Nb7 20. Ba3 Rxd1 21.
Rxd1 c5 22. Ba4+ Kf8 23. b4 cxb4 24. Bxb4+ Kg8 25. g4 a5 26. Be7 Nc5 27. Bxc5
bxc5 28. g5 hxg5 29. fxg5 Kh7 30. Re1 Rd8 31. gxf6 gxf6 32. Nxf7 Rd4 33. Rxe6
Rxc4 34. Bc6 Bxc6 35. Rxc6 Rc1+ 36. Kf2 Rc2+ 37. Kg3 Rxa2 38. Rxf6 Kg7 39. Rf3
a4 40. Nd6 Ra1 41. Rf7+ Kg6 42. Ra7 a3 43. Kh3 a2 44. Ra6 Kf6 45. Ne4+ Kf5 46.
Ng3+ Ke5 47. Ne2 c4 48. Ra5+ Kf6 49. Kg2 Ke6 50. Nc3 1-0